El viaje circular / (Record no. 160974)

MARC details
000 -CABECERA
campo de control de longitud fija 00792nam a2200241 u 4500
005 - FECHA Y HORA DE LA ÚLTIMA TRANSACCIÓN
campo de control 20230922063850.0
008 - ELEMENTOS DE LONGITUD FIJA--INFORMACIÓN GENERAL
campo de control de longitud fija 121122s2004 r 000 0 eng d
035 ## - NÚMERO DE CONTROL DEL SISTEMA
Número de control de sistema UPN01000188871
049 ## - COLECCIÓN
Colección I
050 #4 - SIGNATURA TOPOGRÁFICA DE LA BIBLIOTECA DEL CONGRESO
Número de clasificación PQ8098.23 U5.6
Número de documento/Ítem V5.2
100 1# - ASIENTO PRINCIPAL--NOMBRE PERSONAL
Nombre de persona Muñoz Chereau, Bernardita,
Fechas asociadas al nombre 1975-
9 (RLIN) 33746
245 13 - MENCIÓN DE TÍTULO
Título El viaje circular /
Mención de responsabilidad, etc. Bernardita Muñoz Chereau.
260 ## - PUBLICACIÓN, DISTRIBUCIÓN, ETC.
Lugar de publicación, distribución, etc. [Santiago de Chile] :
Nombre del editor, distribuidor, etc. Recrea,
Lugar de publicación, distribución, etc. [2010?]
300 ## - DESCRIPCIÓN FÍSICA
Extensión 20 p. :
Otras características físicas il. col.
440 #0 - MENCIÓN DE SERIE/ASIENTO SECUNDARIO--TÍTULO
Título Cuenta y recrea.
Nombre de parte o sección de la obra Runrún
501 ## - NOTA DE "CON"
Nota de “Con” Con: Una mamá cuelgalotodo / Fernanda Piderit G.
650 #4 - ASIENTO SECUNDARIO DE MATERIA - TERMINO TEMATICO
Término de materia o nombre geográfico como elemento de entrada Literatura infantil chilena
9 (RLIN) 15614
650 #4 - ASIENTO SECUNDARIO DE MATERIA - TERMINO TEMATICO
Término de materia o nombre geográfico como elemento de entrada CUENTOS INFANTILES CHILENOS
9 (RLIN) 11282
700 1# - ASIENTO SECUNDARIO--NOMBRE DE PERSONAL
Nombre de persona Piderit G., Fernanda,
Fechas asociadas al nombre 1971-,
Término indicativo de función/relación coaut.
740 4# - ASIENTO SECUNDARIO - TÍTULOS RELACIONADOS /ANALITICOS NO CONTROLADOS
Título relacionado o analítico no controlado Una mamá cuelgalotodo
905 ## - TIPO DE MATERIAL
Tipo de material Infantil
Holdings
Estado de retiro Estado de pérdida Fuente del sistema de clasificación o colocación Estado dañado No para préstamo Código de colección Localización permanente Ubicación/localización actual Ubicación en estantería Fecha de adquisición Total de préstamos Clasificación Código de barras Fecha visto por última vez Número de copia Tipo de ítem Koha
    Library of Congress Classification     Infantil Bib. Gregorio Torres Quintero Bib. Gregorio Torres Quintero Sala infantil Planta baja 10/05/2023 1 PQ8098.23 U5.6 V5.2 256810 31/12/2020 1 Libro